000 00488nab a2200145Ia 4500
003 ES-SlBCS
005 20210601143106.0
008 140529s1961 xxu||||| |||| 00| 0 spa d
041 _aspa
100 1 _aCunningham, Francis A.
_950336
245 0 0 _aSpeculative Grammar in St. Thomas Aquinas
_c Francis A. Cunningham
600 0 4 _aTomás de Aquino-Gramática Especulativa
_9281069
773 0 _tLaval Theologique et Philosophique
_gvol. 17, nº. 1, 1961, págs. 76-86
_wRev251
942 _cAR
999 _c686955
_d686955